Indian Journal of Engineering Research and Technology (Record no. 10153)

MARC details
000 -LEADER
fixed length control field 00399nam a22001217a 4500
003 - CONTROL NUMBER IDENTIFIER
control field OSt
008 - FIXED-LENGTH DATA ELEMENTS--GENERAL INFORMATION
fixed length control field 201218b ||||| |||| 00| 0 eng d
245 ## - TITLE STATEMENT
Title Indian Journal of Engineering Research and Technology
250 ## - EDITION STATEMENT
Edition statement 2013(Jan-Jun Vol.1 No.2) 2014(Jul-Dec Vol.2 No.2) 2016(Jan-Jun Vol.4 No.1)
260 ## - PUBLICATION, DISTRIBUTION, ETC. (IMPRINT)
Place of publication, distribution, etc New Delhi
Name of publisher, distributor, etc Ocean Research Journals
650 ## - SUBJECT ADDED ENTRY--TOPICAL TERM
Topical term or geographic name as entry element Information Technology
942 ## - ADDED ENTRY ELEMENTS (KOHA)
Source of classification or shelving scheme Dewey Decimal Classification
Koha item type BOUND VOLUME
Holdings
Withdrawn status Lost status Source of classification or shelving scheme Materials specified (bound volume or other part) Damaged status Not for loan Collection code Home library Current library Date acquired Source of acquisition Serial Enumeration / chronologySerial Enumeration / Volume No. Total Checkouts Acc. no. / Barcode Date last seen Bill Date Koha item type
    Dewey Decimal Classification Bound Volume   Not For Loan B.Tech(IT) PIET C-LIBRARY PIET C-LIBRARY 22/12/2020 Ocean Research Jounrals 2013(Jan-Jun Vol.1 No.2) 2014(Jul-Dec Vol.2 No.2) 2016(Jan-Jun Vol.4 No.1)   BV894 22/12/2020 09/01/2013 BOUND VOLUME

Design & Developed by: PIET Central Library
R70 Miles Stone Pattikalyana Samalkha Panipat 132102
mail ID :- [email protected], Phone No:- 0180-2569700 Ex.216